1653 1314 1876 1133 1019 1406 1007 1482 1576 1304 1508 1401 1421 1348 1562 1954 1169 1963 1722 1548 1533 1107 1182 1838 1170 1085 1007 1740 1421 1277 1635 1198 1498 1849 1256 1961 1352 1330 1658 1293 1310 1506 1865 1747 1333 1269 1253 1772 1628 1971 1017 1675 2000 1905 1172 1485 1575 1800 1237 1726 1570 1539 1463 1574 1932 1976 1476 1319 1655 1133 1421 1310 1610 1436 1657 1418 1157 1049 1268 1712 1169 1149 1337 1121 1693 1820 1873 1110 1240 1330 1708 1123 1704 1486 1797 1171 1885 1611 1791 BCNSPRNW ULIB Ver.6.0+V

เปลี่ยนเป็นภาษาไทย

Change to English
 แสดงรายละเอียดบรรณานุกรม
  กลับหน้าหลัก

Brief Record : Get Marc (ISO 2709) : E-mail record : QR code < ปิดหน้าต่าง
LEADER : 00000nam 2200000uu 4500
001    13399124827
003     ULIB
008    160403s2558||||th 000 0 tha d
020    ^a9786162712586
060 04 ^aWT100^bก451
245 00 ^aการดูแลผู้สูงอายุ ผู้ที่อยู่ในภาวะพึ่งพิงและผู้ป่วยในระยะสุดท้ายในบริการปฐมภูมิ=^bCare for elderly, disabled, terminal-illness in primarycare /^cบรรณาธิการ วดี อัมรักเลิศ ... และคณะ
246 31 ^aCare for elderly, disabled, terminal-illness in primarycare
260    ^aสงขลา :^bภาควิชาเวชศาสตร์ชุมชน คณะแพทยศาสตร์มหาวิทยาลัยสงขลานครินทร์,^c2558
300    ^a216 หน้า :^bภาพประกอบ ;^c26 ซม.
500    ^aการพยาบาลผู้สูงอายุ
504    ^aมีบรรณานุกรมและดัชนี
505 0  ^aอุปกรณ์ช่วยเดินสำหรับผู้สูงอายุและผู้พิการ--2.การปรับสภาพบ้านและสิ่งแวดล้อมให้เหมาะสมกับผู้ป่วยและผู้พิการ--3.การบาดเจ็บและการสูญเสียอวัยวะจากการทำงาน--4.การใช้ยาอย่างเหมาะสมในผู้สูงอายุ--5.การประเมินสภาพจิตและเครื่องมือที่ใช้วินิจฉัย--6.การดูแลตนเองสู่สุขภาพดีวัยสูงอายุ--7.การหกล้มในผู้สูงอายุ--8.อาการที่พบบ่อยในการบริบาลผู้ป่วยระยะสุดท้าย--9.การดูแลผู้ป่วยแบบประคับประคองที่บ้าน--10.การระงับปวดจากมะเร็ง
650  0 ^aOlder people^xCare
650  0 ^aOlder people^xHealth and hygiene
650  4 ^aผู้สูงอายุ^xการดูแล
650  4 ^aผู้สูงอายุ^xสุขภาพและอนามัย
650  4 ^aการดูแลตนเอง
700 0  ^aวดี อัมรักเลิศ,^eบรรณาธิการ
710 2  ^aมหาวิทยาลัยสงขลานครินทร์.^bคณะแพทยศาสตร์.^bภาควิชาเวชศาสตร์ชุมชน
945    ^p350^l0^i000423
945    ^p350^l0^i000424
945    ^p350^l0^i000425
945    ^p350^l0^i000426
945    ^p350^l0^i000427
945    ^p350^l0^i000428
945    ^p350^l0^i000429
945    ^p350^l0^i000430
945    ^p350^l0^i000431
945    ^p350^l0^i000432
945    ^p350^l0^i001309
945    ^p350^l0^i001310
945    ^p350^l0^i001311
999    ^aเกษร โพธิ์สุวรรณ
รายการนี้ยังไม่มีแท็ก
คุณยังไม่ได้ล็อกอิน คุณสามารถมีกิจกรรมร่วมกับเว็บไซต์ได้ แต่ต้องล็อกอินก่อน ::
  ล็อกอิน

รายการสื่อสารสนเทศ

ลำดับที่ ประเภท เลขเรียก/บาร์โค้ด สถานที่ สถานะ
1. วิทยาศาสตร์การแพทย์ และสุขภาพ
วิทยาศาสตร์การแพทย์ และสุขภาพ
สถานะ=หนังสือเก่า
WT100 ก451 ฉ.1 
  Barcode: 000423
ห้องสมุดวิทยาเขตสวรรค์ประชารักษ์
►ส่วนจัดเก็บหนังสือเก่า สปร
บนชั้น
  ขอยืม
2. วิทยาศาสตร์การแพทย์ และสุขภาพ
วิทยาศาสตร์การแพทย์ และสุขภาพ
สถานะ=หนังสือเก่า
WT100 ก451 ฉ.10 
  Barcode: 000432
ห้องสมุดวิทยาเขตสวรรค์ประชารักษ์
►ส่วนจัดเก็บหนังสือเก่า สปร
บนชั้น
  ขอยืม
3. วิทยาศาสตร์การแพทย์ และสุขภาพ
วิทยาศาสตร์การแพทย์ และสุขภาพ
สถานะ=หนังสือเก่า
WT100 ก451 ฉ.11 
  Barcode: 001309
ห้องสมุดวิทยาเขตสวรรค์ประชารักษ์
►ส่วนจัดเก็บหนังสือเก่า สปร
บนชั้น
  ขอยืม
4. วิทยาศาสตร์การแพทย์ และสุขภาพ
วิทยาศาสตร์การแพทย์ และสุขภาพ
สถานะ=หนังสือเก่า
WT100 ก451 ฉ.12 
  Barcode: 001310
ห้องสมุดวิทยาเขตสวรรค์ประชารักษ์
►ส่วนจัดเก็บหนังสือเก่า สปร
บนชั้น
  ขอยืม
5. วิทยาศาสตร์การแพทย์ และสุขภาพ
วิทยาศาสตร์การแพทย์ และสุขภาพ
สถานะ=หนังสือเก่า
WT100 ก451 ฉ.13 
  Barcode: 001311
ห้องสมุดวิทยาเขตสวรรค์ประชารักษ์
►ส่วนจัดเก็บหนังสือเก่า สปร
บนชั้น
  ขอยืม
6. วิทยาศาสตร์การแพทย์ และสุขภาพ
วิทยาศาสตร์การแพทย์ และสุขภาพ
สถานะ=หนังสือเก่า
WT100 ก451 ฉ.2 
  Barcode: 000424
ห้องสมุดวิทยาเขตสวรรค์ประชารักษ์
►ส่วนจัดเก็บหนังสือเก่า สปร
บนชั้น
  ขอยืม
7. วิทยาศาสตร์การแพทย์ และสุขภาพ
วิทยาศาสตร์การแพทย์ และสุขภาพ
สถานะ=หนังสือเก่า
WT100 ก451 ฉ.3 
  Barcode: 000425
ห้องสมุดวิทยาเขตสวรรค์ประชารักษ์
►ส่วนจัดเก็บหนังสือเก่า สปร
บนชั้น
  ขอยืม
8. วิทยาศาสตร์การแพทย์ และสุขภาพ
วิทยาศาสตร์การแพทย์ และสุขภาพ
สถานะ=หนังสือเก่า
WT100 ก451 ฉ.4 
  Barcode: 000426
ห้องสมุดวิทยาเขตสวรรค์ประชารักษ์
►ส่วนจัดเก็บหนังสือเก่า สปร
บนชั้น
  ขอยืม
9. วิทยาศาสตร์การแพทย์ และสุขภาพ
วิทยาศาสตร์การแพทย์ และสุขภาพ
สถานะ=หนังสือเก่า
WT100 ก451 ฉ.5 
  Barcode: 000427
ห้องสมุดวิทยาเขตสวรรค์ประชารักษ์
►ส่วนจัดเก็บหนังสือเก่า สปร
บนชั้น
  ขอยืม
10. วิทยาศาสตร์การแพทย์ และสุขภาพ
วิทยาศาสตร์การแพทย์ และสุขภาพ
WT100 ก451 ฉ.6 
  Barcode: 000428
ห้องสมุดวิทยาเขตสวรรค์ประชารักษ์
►หนังสือทั่วไป
บนชั้น
11. วิทยาศาสตร์การแพทย์ และสุขภาพ
วิทยาศาสตร์การแพทย์ และสุขภาพ
สถานะ=หนังสือเก่า
WT100 ก451 ฉ.7 
  Barcode: 000429
ห้องสมุดวิทยาเขตสวรรค์ประชารักษ์
►ส่วนจัดเก็บหนังสือเก่า สปร
บนชั้น
  ขอยืม
12. วิทยาศาสตร์การแพทย์ และสุขภาพ
วิทยาศาสตร์การแพทย์ และสุขภาพ
สถานะ=หนังสือเก่า
WT100 ก451 ฉ.8 
  Barcode: 000430
ห้องสมุดวิทยาเขตสวรรค์ประชารักษ์
►ส่วนจัดเก็บหนังสือเก่า สปร
บนชั้น
  ขอยืม
13. วิทยาศาสตร์การแพทย์ และสุขภาพ
วิทยาศาสตร์การแพทย์ และสุขภาพ
สถานะ=หนังสือเก่า
WT100 ก451 ฉ.9 
  Barcode: 000431
ห้องสมุดวิทยาเขตสวรรค์ประชารักษ์
►ส่วนจัดเก็บหนังสือเก่า สปร
บนชั้น
  ขอยืม

รายการใกล้เคียง
    หัวเรื่อง [Older people Care]
    หัวเรื่อง [ผู้สูงอายุ การดูแล]
    หัวเรื่อง [การดูแลตนเอง]

BibComment


ยังไม่เคยถูกคอมเมนท์

คอมเมนท์ทรัพยากรรายการนี้
  คอมเมนท์: การดูแลผู้สูงอาย..


 Copyright 2026. Bcnsprnw @Library